| 000 | 00448nam a2200157 i 4500 | ||
|---|---|---|---|
| 001 | 23434 | ||
| 003 | ES-MaACL | ||
| 005 | 20230906152854.0 | ||
| 007 | t| | ||
| 008 | 021210s1969 sp ||||1| spa d | ||
| 100 | 1 |
_aAlvarez Gómez, Jesús. _920824 |
|
| 245 | 1 | 0 |
_aManual de historia de la iglesia / _cJesús Alvarez Gómez. |
| 260 |
_a[Madrid] : _bUnión Editorial, _c[1969] |
||
| 300 |
_a291 p. ; _c20 cm. |
||
| 852 |
_aES-MaACL _jC-48558 _bR.71627 |
||
| 999 |
_c23434 _d23434 |
||